The complete idiot's guide to self-defense
| Main Author: | Harris, Chris |
|---|---|
| Published: |
Indianapolis:
Alpha Books,
2000.
|
| Subjects: |
| LEADER | 00568cam a2200181 7i4500 | ||
|---|---|---|---|
| 001 | 0000002306 | ||
| 005 | 20120529090000.0 | ||
| 020 | |a 0028631161 (pbk.) | ||
| 020 | |a 9780028631165 | ||
| 090 | 0 | 0 | |a GV1111 |b .H37 2002 |
| 100 | 1 | |a Harris, Chris | |
| 245 | 1 | 4 | |a The complete idiot's guide to self-defense |c Chris Harris. |
| 260 | |a Indianapolis: |b Alpha Books, |c 2000. | ||
| 300 | |a xxiii, 360 p.: |b ill.; |c 24 cm. | ||
| 500 | |a Includes index | ||
| 650 | 0 | 0 | |a Self-defense |
| 998 | |a Sport Management Industry, Diploma | ||
| 999 | |a 0000006359 |b BOK |c OPEN SHELF |e 1st Floor, Bestari Jaya | ||


